E-commerce : (Record no. 8973)
[ view plain ]
| 000 -LEADER | |
|---|---|
| fixed length control field | 00812nam a22002535a 4500 |
| 008 - FIXED-LENGTH DATA ELEMENTS--GENERAL INFORMATION | |
| fixed length control field | 080908t2000 e a frb 001 0 eng d |
| 010 ## - LIBRARY OF CONGRESS CONTROL NUMBER | |
| LC control number | 010035764 |
| 020 ## - INTERNATIONAL STANDARD BOOK NUMBER | |
| International Standard Book Number | 0077095529 (pbk.) |
| 020 ## - INTERNATIONAL STANDARD BOOK NUMBER | |
| International Standard Book Number | 9780077095529 |
| 040 ## - CATALOGING SOURCE | |
| Original cataloging agency | EG-ScBUE |
| Language of cataloging | eng |
| Transcribing agency | EG-ScBUE |
| 082 04 - DEWEY DECIMAL CLASSIFICATION NUMBER | |
| Classification number | 380.10285 |
| Item number | WHI |
| Edition number | 22 |
| 100 1# - MAIN ENTRY--PERSONAL NAME | |
| Personal name | Whiteley, David, |
| 9 (RLIN) | 28286 |
| 245 10 - TITLE STATEMENT | |
| Title | E-commerce : |
| Remainder of title | strategy, technologies and applications / |
| Statement of responsibility, etc | David Whiteley. |
| 260 ## - PUBLICATION, DISTRIBUTION, ETC. (IMPRINT) | |
| Place of publication, distribution, etc | London : |
| Name of publisher, distributor, etc | McGraw-Hill, |
| Date of publication, distribution, etc | c. 2000. |
| 300 ## - PHYSICAL DESCRIPTION | |
| Extent | xvi, 259 p. : |
| Other physical details | ill. ; |
| Dimensions | 25 cm. |
| 490 #0 - Series Statement | |
| Series statement | Information Systems Series. |
| 500 ## - GENERAL NOTE | |
| General note | Index : p. 253-259. |
| 504 ## - BIBLIOGRAPHY, ETC. NOTE | |
| Bibliography, etc | Bibliography : p. 247-252. |
| 590 ## - LOCAL NOTE (RLIN) | |
| Local note | Menna Elemam |
| 650 ## - SUBJECT ADDED ENTRY--TOPICAL TERM | |
| Topical term or geographic name as entry element | Electronic commerce. |
| 9 (RLIN) | 28288 |
| Source of heading or term | BUEsh |
| 651 ## - SUBJECT ADDED ENTRY--GEOGRAPHIC NAME | |
| Source of heading or term | BUEsh |
| 653 ## - INDEX TERM--UNCONTROLLED | |
| Resource For college | BAEPS, Business Administration |
| Arrived date list | August2015 |
| 942 ## - ADDED ENTRY ELEMENTS (KOHA) | |
| Item type | Book - Borrowing |
| Call number prefix | 380.10285 WHI |
| Source of classification or shelving scheme | Dewey Decimal Classification |
| Withdrawn status | Item status | Source of classification or shelving scheme | Damaged status | Not for loan | Home library | Current library | Shelving location | Date acquired | Source of acquisition | Total Checkouts | Full call number | Barcode | Date last seen | Date last borrowed | Koha item type | Vendor |
|---|---|---|---|---|---|---|---|---|---|---|---|---|---|---|---|---|
| Dewey Decimal Classification | Central Library | Central Library | First floor | 01/04/2008 | Purchase | 1 | 380.10285 WHI | 000010957 | 15/07/2025 | 19/05/2009 | Book - Borrowing | |||||
| Dewey Decimal Classification | Central Library | Central Library | First floor | 01/04/2008 | Purchase | 1 | 380.10285 WHI | 000056829 | 15/07/2025 | 25/02/2016 | Book - Borrowing | Baccah | ||||
| Dewey Decimal Classification | Central Library | Central Library | First floor | 01/04/2008 | Purchase | 380.10285 WHI | 000010955 | 15/07/2025 | NB - Book (Non borrowing) | |||||||
| Dewey Decimal Classification | Central Library | Central Library | First floor | 08/09/2008 | Purchase | 380.10285 WHI | 000013518 | 15/07/2025 | Book - Borrowing |